[Event "Abu Dhabi op 25th"]
[Site "Abu Dhabi"]
[Date "2018.08.11"]
[Round "5"]
[White "Jubin, Jimmy"]
[Black "Samhouri, Admah Fawzi"]
[Result "1/2-1/2"]
[WhiteElo "2267"]
[BlackElo "2348"]
[PlyCount "75"]
[EventDate "2018.08.07"]
[EventType "swiss"]
[EventRounds "9"]
[EventCountry "UAE"]
[SourceTitle "CBM 185 Extra"]
[Source "ChessBase"]
[SourceDate "2018.07.29"]
[SourceVersion "1"]
[SourceVersionDate "2018.07.29"]
[SourceQuality "1"]

1. d4 d5 2. c4 c6 3. Nf3 Nf6 4. Nc3 e6 5. Bg5 dxc4 6. e4 b5 7. e5 h6 8. Bh4 g5 9. Nxg5 hxg5 10. Bxg5 Nbd7 11. g3 Bb7 12. Bg2 Qb6 13. exf6 c5 14. d5 b4 15. Na4 Qb5 16. 0-0 0-0-0 17. a3 exd5 18. axb4 cxb4 19. Qg4 Bd6 20. Rfd1 Kc7 21. Qf5 Ne5 22. Be3 d4 23. Nc3 dxc3 24. Rxa7 Rb8 25. bxc3 b3 26. h4 Rhe8 27. h5 Bc5 28. Rd5 Bxa7 29. Rxb5 Bc8 30. Rxb8 Bxf5 31. Rb7+ Kd6 32. Bxa7 Nd3 33. Rb6+ Kc7 34. Rb7+ Kd6 35. Rb6+ Kc7 36. Rb7+ Kd6 37. Bb8+ Kc5 38. Ba7+ 1/2-1/2

[Event "Abu Dhabi op 25th"]
[Site "Abu Dhabi"]
[Date "2018.08.11"]
[Round "4"]
[White "Samhouri, Admah Fawzi"]
[Black "Dixit, Nikhil"]
[Result "1/2-1/2"]
[WhiteElo "2348"]
[BlackElo "2240"]
[PlyCount "77"]
[EventDate "2018.08.07"]
[EventType "swiss"]
[EventRounds "9"]
[EventCountry "UAE"]
[SourceTitle "CBM 185 Extra"]
[Source "ChessBase"]
[SourceDate "2018.07.29"]
[SourceVersion "1"]
[SourceVersionDate "2018.07.29"]
[SourceQuality "1"]

1. d4 Nf6 2. c4 g6 3. Nc3 Bg7 4. e4 d6 5. Nf3 0-0 6. Be2 e5 7. d5 a5 8. Bg5 Na6 9. Nd2 Nc5 10. 0-0 h6 11. Be3 Ne8 12. a3 f5 13. f3 f4 14. Bf2 g5 15. b4 axb4 16. axb4 Rxa1 17. Qxa1 Na6 18. c5 Nxb4 19. Qa4 Na6 20. c6 Nc5 21. Bxc5 dxc5 22. cxb7 Bxb7 23. Rb1 Nd6 24. Nc4 Bc8 25. Qa7 g4 26. Qxc5 Ba6 27. Nxd6 Bxe2 28. Nf5 gxf3 29. Nxe2 fxe2 30. Qf2 c6 31. d6 f3 32. Qxf3 Rxf5 33. Qxf5 Qb6+ 34. Rxb6 e1Q+ 35. Qf1 Qe3+ 36. Qf2 Qc1+ 37. Qf1 Qe3+ 38. Qf2 Qc1+ 39. Qf1 1/2-1/2

[Event "Abu Dhabi op 25th"]
[Site "Abu Dhabi"]
[Date "2018.08.09"]
[Round "3"]
[White "Pranav, V."]
[Black "Samhouri, Admah Fawzi"]
[Result "1/2-1/2"]
[WhiteElo "2227"]
[BlackElo "2348"]
[PlyCount "114"]
[EventDate "2018.08.07"]
[EventType "swiss"]
[EventRounds "9"]
[EventCountry "UAE"]
[SourceTitle "CBM 185 Extra"]
[Source "ChessBase"]
[SourceDate "2018.07.29"]
[SourceVersion "1"]
[SourceVersionDate "2018.07.29"]
[SourceQuality "1"]

1. d4 d5 2. Bf4 Nf6 3. Nc3 Bf5 4. f3 e6 5. g4 Bg6 6. h4 h6 7. h5 Bh7 8. e3 Bd6 9. Bd3 Bxf4 10. exf4 Bxd3 11. Qxd3 c5 12. Nge2 Nc6 13. dxc5 Nd7 14. Qe3 Qa5 15. 0-0-0 0-0-0 16. Nd4 Qxc5 17. Rhe1 Nb6 18. Qg1 Nxd4 19. Qxd4 Qxd4 20. Rxd4 Rhe8 21. b3 a6 22. Rd2 Kb8 23. Nd1 Kc7 24. Nb2 f6 25. Rde2 Kd6 26. Nd3 Nd7 27. Rd1 Nc5 28. Nb2 Kc7 29. Rde1 Kd6 30. Nd1 e5 31. fxe5+ fxe5 32. Ne3 Ke6 33. Nf5 Kf6 34. f4 e4 35. Rd1 Ne6 36. Rf1 Nc5 37. c3 b5 38. Kd2 Ne6 39. Ke3 Rc8 40. Kd2 Rcd8 41. Ke3 b4 42. Rc2 bxc3 43. Rd1 d4+ 44. Nxd4 Nc7 45. Rcc1 Nd5+ 46. Kf2 Nxf4 47. Rxc3 Rd6 48. Rf1 Rxd4 49. Ke3 Rd3+ 50. Rxd3 exd3+ 51. Kxf4 Re2 52. Rd1 Rf2+ 53. Kg3 Rxa2 54. Rxd3 Rb2 55. Rd6+ Kf7 56. Rxa6 Rxb3+ 57. Kh4 Rb7 1/2-1/2

[Event "Abu Dhabi op 25th"]
[Site "Abu Dhabi"]
[Date "2018.08.08"]
[Round "2"]
[White "Samhouri, Admah Fawzi"]
[Black "Bhambure, Shantanu"]
[Result "1/2-1/2"]
[WhiteElo "2348"]
[BlackElo "2194"]
[PlyCount "72"]
[EventDate "2018.08.07"]
[EventType "swiss"]
[EventRounds "9"]
[EventCountry "UAE"]
[SourceTitle "CBM 185 Extra"]
[Source "ChessBase"]
[SourceDate "2018.07.29"]
[SourceVersion "1"]
[SourceVersionDate "2018.07.29"]
[SourceQuality "1"]

1. d4 Nf6 2. c4 e6 3. Nc3 Bb4 4. e3 b6 5. Bd3 Bb7 6. Nf3 0-0 7. Qc2 d5 8. cxd5 exd5 9. 0-0 Nbd7 10. Ne5 c5 11. f4 Re8 12. Bd2 cxd4 13. exd4 a6 14. Rae1 Bxc3 15. bxc3 Ne4 16. Bxe4 dxe4 17. Rb1 b5 18. Qd1 Bd5 19. Rb2 f6 20. Nxd7 Qxd7 21. Re1 Rac8 22. Re3 Qf5 23. a4 Bc4 24. Rh3 e3 25. Rxe3 Rxe3 26. Bxe3 Re8 27. Bf2 Qxf4 28. axb5 axb5 29. d5 Rd8 30. Rd2 Qe5 31. d6 Rd7 32. Bd4 Qe4 33. Bf2 Qe5 34. Bd4 Qe4 35. Bf2 Qe5 36. Bd4 Qe4 1/2-1/2

[Event "Abu Dhabi op 25th"]
[Site "Abu Dhabi"]
[Date "2018.08.07"]
[Round "1"]
[White "Rapport, Richard"]
[Black "Samhouri, Admah Fawzi"]
[Result "1-0"]
[WhiteElo "2719"]
[BlackElo "2348"]
[PlyCount "113"]
[EventDate "2018.08.07"]
[EventType "swiss"]
[EventRounds "9"]
[EventCountry "UAE"]
[SourceTitle "CBM 185 Extra"]
[Source "ChessBase"]
[SourceDate "2018.07.29"]
[SourceVersion "1"]
[SourceVersionDate "2018.07.29"]
[SourceQuality "1"]

1. e4 c5 2. Nc3 a6 3. Nge2 d6 4. g3 Nf6 5. Bg2 Nc6 6. d4 cxd4 7. Nxd4 Bg4 8. Nxc6 bxc6 9. Qd3 e5 10. 0-0 Be7 11. f4 Be6 12. b3 0-0 13. Kh1 Qc7 14. Bb2 Rfd8 15. Na4 a5 16. c4 d5 17. Bxe5 Qa7 18. exd5 cxd5 19. c5 Bxc5 20. Nxc5 Qxc5 21. Rac1 Qb4 22. Bxf6 gxf6 23. f5 Bc8 24. Rf4 Ba6 25. Qd1 Qa3 26. Qd2 Rac8 27. Rd1 Kh8 28. Rh4 Qf8 29. Qxa5 Rd6 30. h3 Qe7 31. Qd2 Rg8 32. Re1 Qd7 33. Qf4 d4 34. Qh6 Rg7 35. Rg4 Rxg4 36. hxg4 Qd8 37. g5 d3 38. gxf6 Rxf6 39. Re8+ Qxe8 40. Qxf6+ Kg8 41. Qg5+ Kh8 42. f6 Qg8 43. Qxg8+ Kxg8 44. Kg1 d2 45. Bf3 Bb7 46. Bd1 Kf8 47. b4 Ke8 48. Ba4+ Kd8 49. Kf2 Bd5 50. a3 Kc7 51. Ke3 Kd6 52. Kxd2 Ke5 53. Ke3 Kxf6 54. Bc2 h6 55. Kd4 Ke6 56. a4 Bb7 57. Be4 1-0

[Event "Wch Blitz"]
[Site "Riadh"]
[Date "2017.12.29"]
[Round "8"]
[White "Samhouri, Admah Fawzi"]
[Black "Salgado Lopez, Ivan"]
[Result "0-1"]
[WhiteElo "2355"]
[BlackElo "2644"]
[PlyCount "72"]
[EventDate "2017.12.29"]
[EventType "swiss (blitz)"]
[EventRounds "21"]
[EventCountry "SAU"]
[SourceTitle "CBM 182 Extra"]
[Source "ChessBase"]
[SourceDate "2018.02.23"]
[SourceVersion "1"]
[SourceVersionDate "2018.02.23"]
[SourceQuality "1"]

1. Nf3 b6 2. g3 Bb7 3. Bg2 Nf6 4. 0-0 e6 5. d3 Be7 6. Nbd2 0-0 7. b3 a5 8. a4 Na6 9. Bb2 Nb4 10. e4 d6 11. Re1 Nd7 12. Qb1 e5 13. d4 exd4 14. Nxd4 Rb8 15. Nf5 Bf6 16. Nc4 Re8 17. h3 Nf8 18. c3 Nc6 19. Qd1 Bc8 20. Nce3 Ne7 21. Nxe7+ Bxe7 22. Nf5 Bf6 23. Qd2 Ne6 24. Rad1 Bb7 25. Qc2 Qc8 26. c4 Bxb2 27. Qxb2 f6 28. h4 Nc5 29. Qc2 Qe6 30. Bh3 Qf7 31. Bg2 Qf8 32. Nd4 Re7 33. Nf5 Rf7 34. Ne3 Re8 35. Nd5 Bxd5 36. exd5 Rfe7 0-1

[Event "Dubai op 18th"]
[Site "Dubai"]
[Date "2016.04.16"]
[Round "6"]
[White "Ly, Moulthun"]
[Black "Samhouri, Admah Fawzi"]
[Result "1/2-1/2"]
[WhiteElo "2506"]
[BlackElo "2365"]
[PlyCount "125"]
[EventDate "2016.04.11"]
[EventType "swiss"]
[EventRounds "9"]
[EventCountry "UAE"]
[SourceTitle "CBM 172 Extra"]
[Source "ChessBase"]
[SourceDate "2016.06.21"]
[SourceVersion "1"]
[SourceVersionDate "2016.06.21"]
[SourceQuality "1"]

1. e4 c5 2. Nf3 d6 3. d4 cxd4 4. Nxd4 Nf6 5. Nc3 a6 6. Be3 Ng4 7. Bc1 Nf6 8. f3 Qb6 9. Nb3 Nc6 10. Qe2 e6 11. Be3 Qc7 12. 0-0-0 b5 13. Qf2 Nd7 14. Kb1 Bb7 15. Qg3 b4 16. Ne2 Rc8 17. Rd2 Nb6 18. Ned4 Ne5 19. Na5 Nbc4 20. Nxc4 Nxc4 21. Bxc4 Qxc4 22. Rhd1 Qc7 23. h4 Bc6 24. e5 dxe5 25. Nxc6 Qxc6 26. Qxe5 f6 27. Qh5+ g6 28. Qg4 Be7 29. h5 Kf7 30. hxg6+ hxg6 31. b3 a5 32. Qd4 a4 33. Qd7 a3 34. Qxc6 Rxc6 35. f4 Rh2 36. Re2 f5 37. c4 bxc3 38. Kc2 Rc7 39. Bd4 Rd7 40. Rd3 Rh1 41. Bxc3 Rxd3 42. Kxd3 Bf6 43. Be1 Rh8 44. b4 Rd8+ 45. Kc2 Bb2 46. g3 g5 47. fxg5 e5 48. Bc3 Rc8 49. Re3 e4 50. Kb3 Bc1 51. Re1 Bxg5 52. g4 Ke6 53. gxf5+ Kxf5 54. Bd4 Rd8 55. Kc4 Bd2 56. Rf1+ Kg4 57. Bb6 Rd7 58. Rf8 e3 59. Re8 Kf3 60. Rf8+ Kg4 61. Re8 Kf3 62. Rf8+ Kg4 63. Re8 1/2-1/2

[Event "Olympiad-40"]
[Site "Istanbul"]
[Date "2012.09.05"]
[Round "8.2"]
[White "Samhouri, Admah Fawzi"]
[Black "Qureshi, MA."]
[Result "0-1"]
[WhiteElo "2373"]
[BlackElo "2190"]
[PlyCount "61"]
[EventDate "2012.08.28"]
[EventType "team-swiss"]
[EventRounds "11"]
[EventCountry "TUR"]
[SourceTitle "CBM 151"]
[Source "ChessBase"]
[SourceDate "2012.11.13"]
[SourceVersion "1"]
[SourceVersionDate "2012.11.13"]
[SourceQuality "1"]
[WhiteTeam "Jordan"]
[BlackTeam "Pakistan"]
[WhiteTeamCountry "JOR"]
[BlackTeamCountry "PAK"]

1. d4 d5 2. c4 c6 3. Nc3 Nf6 4. Nf3 e6 5. e3 Nbd7 6. Qc2 Bd6 7. Bd3 0-0 8. 0-0 Qe7 9. c5 Bc7 10. e4 dxe4 11. Nxe4 Nxe4 12. Bxe4 h6 13. Re1 Rd8 14. Bd2 Nf6 15. Rad1 Nxe4 16. Qxe4 Rd5 17. Bf4 Qd8 18. Bxc7 Qxc7 19. Ne5 b6 20. b4 Ba6 21. Rc1 Bb5 22. cxb6 axb6 23. Nxc6 Bxc6 24. b5 Rxb5 25. Rxc6 Qd8 26. Rd6 Qxd6 27. Qxa8+ Kh7 28. Qb7 Qxd4 29. Qxf7 Rf5 30. Qxe6 Qxf2+ 31. Kh1 0-1

[Event "Olympiad-40"]
[Site "Istanbul"]
[Date "2012.09.03"]
[Round "6.2"]
[White "Samhouri, Admah Fawzi"]
[Black "Mastrovasilis, Dimitrios"]
[Result "0-1"]
[WhiteElo "2373"]
[BlackElo "2618"]
[PlyCount "118"]
[EventDate "2012.08.28"]
[EventType "team-swiss"]
[EventRounds "11"]
[EventCountry "TUR"]
[SourceTitle "CBM 151"]
[Source "ChessBase"]
[SourceDate "2012.11.13"]
[SourceVersion "1"]
[SourceVersionDate "2012.11.13"]
[SourceQuality "1"]
[WhiteTeam "Jordan"]
[BlackTeam "Greece"]
[WhiteTeamCountry "JOR"]
[BlackTeamCountry "GRE"]

1. d4 d5 2. c4 e6 3. Nc3 a6 4. e4 dxe4 5. Nxe4 Bb4+ 6. Nc3 c5 7. a3 Ba5 8. Be3 Nf6 9. Nf3 cxd4 10. Nxd4 Bxc3+ 11. bxc3 0-0 12. Be2 e5 13. Nf3 Qc7 14. Qb3 Nbd7 15. Nd2 Nc5 16. Qb4 b6 17. Rb1 Nfd7 18. 0-0 a5 19. Qb2 Bb7 20. f3 Bc6 21. Nb3 Ne6 22. Rfd1 Rab8 23. Qd2 Ba4 24. Qd6 Rfc8 25. Qxc7 Rxc7 26. Rd5 Kf8 27. Kf2 Rbb7 28. g3 f6 29. h4 Ke7 30. Rd2 h6 31. Rdb2 Bxb3 32. Rxb3 Nec5 33. R3b2 Na4 34. Rc2 Ndc5 35. Rd1 Rd7 36. Rd5 Ke6 37. Rxd7 Rxd7 38. g4 g5 39. hxg5 hxg5 40. Rc1 Rd6 41. Rc2 Kd7 42. Rc1 Kc6 43. Rc2 Kd7 44. Kf1 Ne6 45. Rc1 Nf4 46. Rc2 Kc6 47. Kf2 Rd8 48. Ke1 Rd7 49. Kf2 Rh7 50. Bxf4 exf4 51. Bd3 Rh2+ 52. Ke1 Rxc2 53. Bxc2 Nb2 54. Ke2 Kc5 55. Bb3 a4 56. Bc2 Kxc4 57. Kd2 b5 58. Bf5 Kb3 59. Bd7 Nc4+ 0-1

[Event "Budapest FS08 IM-B"]
[Site "Budapest"]
[Date "2012.08.07"]
[Round "4"]
[White "Cuhendi, Sean Winshand"]
[Black "Samhouri, Admah Fawzi"]
[Result "1/2-1/2"]
[WhiteElo "2120"]
[BlackElo "2373"]
[PlyCount "63"]
[EventDate "2012.08.04"]
[EventType "tourn"]
[EventRounds "11"]
[EventCountry "HUN"]
[EventCategory "1"]
[SourceTitle "CBM 149 Extra"]
[Source "ChessBase"]
[SourceDate "2012.08.24"]
[SourceVersion "1"]
[SourceVersionDate "2012.08.24"]
[SourceQuality "1"]

1. d4 Nf6 2. Bf4 d5 3. e3 g6 4. Nf3 Bg7 5. Nbd2 0-0 6. Bd3 c5 7. c3 Nc6 8. h4 Nd7 9. h5 cxd4 10. exd4 e5 11. dxe5 Ndxe5 12. Nxe5 Nxe5 13. Bxe5 Bxe5 14. Qc2 Qf6 15. 0-0-0 Bg4 16. f3 Be6 17. Rde1 Rfc8 18. hxg6 hxg6 19. Kb1 Kg7 20. f4 Bxf4 21. Rhf1 Qg5 22. Nf3 Qg3 23. Qa4 Re8 24. Qd4+ f6 25. Qb4 Bf7 26. Qxb7 Rab8 27. Qxa7 Rxe1+ 28. Nxe1 Re8 29. Nf3 Qxg2 30. Qa4 Re3 31. Qc2 Qxc2+ 32. Kxc2 1/2-1/2

[Event "Budapest FS08 IM-B"]
[Site "Budapest"]
[Date "2012.08.04"]
[Round "1"]
[White "Samhouri, Admah Fawzi"]
[Black "Kahn, Evarth"]
[Result "1/2-1/2"]
[WhiteElo "2373"]
[BlackElo "2261"]
[PlyCount "29"]
[EventDate "2012.08.04"]
[EventType "tourn"]
[EventRounds "11"]
[EventCountry "HUN"]
[EventCategory "1"]
[SourceTitle "CBM 149 Extra"]
[Source "ChessBase"]
[SourceDate "2012.08.24"]
[SourceVersion "1"]
[SourceVersionDate "2012.08.24"]
[SourceQuality "1"]

1. d4 Nf6 2. Nf3 g6 3. c4 Bg7 4. Nc3 0-0 5. e4 d6 6. Be2 e5 7. d5 a5 8. Bg5 h6 9. Bh4 Na6 10. 0-0 Bd7 11. Nd2 Qe8 12. Rb1 Nh7 13. b3 h5 14. f3 Bh6 15. a3 1/2-1/2

[Event "Arab Games"]
[Site "Doha"]
[Date "2011.12.16"]
[Round "4"]
[White "Samhouri, Admah Fawzi"]
[Black "Al Huwar, Jasem"]
[Result "1-0"]
[WhiteElo "2377"]
[BlackElo "2256"]
[PlyCount "95"]
[EventDate "2011.12.13"]
[EventType "team-swiss"]
[EventRounds "9"]
[EventCountry "QAT"]
[SourceTitle "CBM 145 Extra"]
[Source "ChessBase"]
[SourceDate "2012.01.03"]
[SourceVersion "1"]
[SourceVersionDate "2012.01.03"]
[SourceQuality "1"]
[WhiteTeam "Jordan"]
[BlackTeam "United Arab Emirates"]
[WhiteTeamCountry "JOR"]
[BlackTeamCountry "UAE"]

1. e4 g6 2. d4 Bg7 3. Nc3 d6 4. f4 Nf6 5. Nf3 0-0 6. Bd3 Na6 7. 0-0 Nb4 8. Be2 c5 9. d5 Rb8 10. a3 Na6 11. e5 Ne8 12. Bc4 Nac7 13. a4 e6 14. dxe6 Bxe6 15. Qe2 Bxc4 16. Qxc4 b6 17. Rd1 Qe7 18. Qe4 dxe5 19. fxe5 f6 20. Qc4+ Qe6 21. Qh4 g5 22. Qh5 g4 23. Nh4 fxe5 24. Ne4 Nf6 25. Nxf6+ Rxf6 26. Bg5 Rf7 27. Ra3 Rbf8 28. Rg3 Qc4 29. h3 gxh3 30. Bh6 Qe6 31. gxh3 Ne8 32. Re1 e4 33. c3 Kh8 34. Ng6+ Qxg6 35. Rxg6 hxg6 36. Qxg6 Bxh6 37. Qxh6+ Kg8 38. Qe6 Ng7 39. Qxe4 Nf5 40. Re2 Rg7+ 41. Rg2 Ng3 42. Qd3 Nf5 43. Rxg7+ Nxg7 44. a5 Rf6 45. Qa6 Rd6 46. b3 Rd1+ 47. Kf2 Ra1 48. Qxa7 1-0

[Event "Olympiad-39"]
[Site "Khanty-Mansiysk"]
[Date "2010.09.28"]
[Round "7.2"]
[White "Amin, Bassem"]
[Black "Samhouri, Admah Fawzi"]
[Result "1-0"]
[WhiteElo "2578"]
[BlackElo "2372"]
[PlyCount "59"]
[EventDate "2010.09.21"]
[EventType "team-swiss"]
[EventRounds "11"]
[EventCountry "RUS"]
[SourceTitle "CBM 139"]
[Source "ChessBase"]
[SourceDate "2010.11.18"]
[SourceVersion "1"]
[SourceVersionDate "2010.11.18"]
[SourceQuality "1"]
[WhiteTeam "Egypt"]
[BlackTeam "Jordan"]
[WhiteTeamCountry "EGY"]
[BlackTeamCountry "JOR"]

1. Nf3 d5 2. g3 c5 3. Bg2 Nc6 4. 0-0 e6 5. d3 Bd6 6. e4 Nge7 7. Re1 Bc7 8. c3 0-0 9. e5 d4 10. Na3 Ng6 11. cxd4 cxd4 12. Nc4 Rb8 13. h4 b5 14. h5 bxc4 15. hxg6 fxg6 16. dxc4 d3 17. Re3 d2 18. Qxd2 Qxd2 19. Nxd2 Nxe5 20. Ne4 Ng4 21. Re2 Bb7 22. Nc5 Bc8 23. b3 Bb6 24. Ba3 Rf5 25. Nd3 Ba6 26. Be4 Rf7 27. Nc5 Bc8 28. Rd1 Rc7 29. Rd8+ Kf7 30. Na6 1-0

[Event "Olympiad-39"]
[Site "Khanty-Mansiysk"]
[Date "2010.09.27"]
[Round "6.2"]
[White "Samhouri, Admah Fawzi"]
[Black "Felgaer, Ruben Alejandro"]
[Result "0-1"]
[WhiteElo "2372"]
[BlackElo "2597"]
[PlyCount "86"]
[EventDate "2010.09.21"]
[EventType "team-swiss"]
[EventRounds "11"]
[EventCountry "RUS"]
[SourceTitle "CBM 139"]
[Source "ChessBase"]
[SourceDate "2010.11.18"]
[SourceVersion "1"]
[SourceVersionDate "2010.11.18"]
[SourceQuality "1"]
[WhiteTeam "Jordan"]
[BlackTeam "Argentina"]
[WhiteTeamCountry "JOR"]
[BlackTeamCountry "ARG"]

1. d4 d6 2. Nf3 Bg4 3. c4 Nd7 4. Nc3 e5 5. e3 Ngf6 6. Be2 Be7 7. 0-0 0-0 8. b3 Re8 9. Ba3 exd4 10. Nxd4 Bxe2 11. Qxe2 Bf8 12. Rfd1 g6 13. Rac1 Bg7 14. h3 a6 15. Bb2 Qe7 16. Nf3 c6 17. Qd2 Bf8 18. Qc2 Rad8 19. b4 Bg7 20. b5 axb5 21. cxb5 c5 22. a4 Nb6 23. Nd2 d5 24. Ba3 Qc7 25. Nb3 c4 26. Nd4 Nbd7 27. Nde2 Nc5 28. Nf4 d4 29. Ncd5 Nxd5 30. Nxd5 Rxd5 31. Qxc4 Qd7 32. Bxc5 Rc8 33. a5 Rdxc5 34. Qxc5 Rxc5 35. Rxc5 d3 36. e4 Qd4 37. Rd5 Qxe4 38. Rd8+ Bf8 39. R1xd3 Qe1+ 40. Kh2 Qe5+ 41. g3 Qxb5 42. R3d7 Qxa5 43. Rb8 Qa7 0-1

[Event "Olympiad-39"]
[Site "Khanty-Mansiysk"]
[Date "2010.09.24"]
[Round "4.2"]
[White "Milos, Gilberto"]
[Black "Samhouri, Admah Fawzi"]
[Result "1-0"]
[WhiteElo "2599"]
[BlackElo "2372"]
[PlyCount "59"]
[EventDate "2010.09.21"]
[EventType "team-swiss"]
[EventRounds "11"]
[EventCountry "RUS"]
[SourceTitle "CBM 139"]
[Source "ChessBase"]
[SourceDate "2010.11.18"]
[SourceVersion "1"]
[SourceVersionDate "2010.11.18"]
[SourceQuality "1"]
[WhiteTeam "Brazil"]
[BlackTeam "Jordan"]
[WhiteTeamCountry "BRA"]
[BlackTeamCountry "JOR"]

1. e4 e5 2. Nf3 Nf6 3. Nxe5 d6 4. Nf3 Nxe4 5. d4 d5 6. Bd3 Be7 7. 0-0 Nc6 8. Re1 Bg4 9. c4 Nf6 10. Nc3 Bxf3 11. Qxf3 Nxd4 12. Qd1 Ne6 13. cxd5 Nxd5 14. Bb5+ c6 15. Nxd5 cxb5 16. Qb3 0-0 17. Be3 Bc5 18. Rad1 Bxe3 19. Rxe3 Rc8 20. f4 Kh8 21. f5 Nc5 22. Qxb5 Re8 23. Nc3 Rxe3 24. Rxd8+ Rxd8 25. Qxc5 Re1+ 26. Kf2 Rc1 27. Qe7 Rc2+ 28. Kf3 Rcd2 29. Qxf7 R2d3+ 30. Ke4 1-0

[Event "Olympiad-39"]
[Site "Khanty-Mansiysk"]
[Date "2010.09.21"]
[Round "1.2"]
[White "Samhouri, Admah Fawzi"]
[Black "Polgar, Judit"]
[Result "0-1"]
[WhiteElo "2372"]
[BlackElo "2682"]
[PlyCount "48"]
[EventDate "2010.09.21"]
[EventType "team-swiss"]
[EventRounds "11"]
[EventCountry "RUS"]
[SourceTitle "CBM 139"]
[Source "ChessBase"]
[SourceDate "2010.11.18"]
[SourceVersion "1"]
[SourceVersionDate "2010.11.18"]
[SourceQuality "1"]
[WhiteTeam "Jordan"]
[BlackTeam "Hungary"]
[WhiteTeamCountry "JOR"]
[BlackTeamCountry "HUN"]

1. e4 c5 2. Nf3 Nc6 3. Bb5 d6 4. 0-0 Bd7 5. c3 Nf6 6. Re1 a6 7. Ba4 b5 8. Bc2 e5 9. d3 Be7 10. Nbd2 0-0 11. Nf1 Re8 12. d4 cxd4 13. cxd4 Bg4 14. dxe5 Nxe5 15. Ne3 Bh5 16. h3 Rc8 17. g4 Bg6 18. Nd2 Qb6 19. f4 Nd5 20. exd5 Bxc2 21. Qe2 Nd3 22. Nf3 Nxf4 23. Qh2 Nd3 24. Re2 Bd1 0-1

[Event "Budapest FS08 GM"]
[Site "Budapest"]
[Date "2009.08.11"]
[Round "11"]
[White "Samhouri, Admah Fawzi"]
[Black "Szabo, Krisztian"]
[Result "1/2-1/2"]
[WhiteElo "2375"]
[BlackElo "2493"]
[PlyCount "111"]
[EventDate "2009.08.01"]
[EventType "tourn"]
[EventRounds "13"]
[EventCountry "HUN"]
[EventCategory "8"]
[SourceTitle "CBM 131 Extra"]
[Source "ChessBase"]
[SourceDate "2009.09.03"]
[SourceVersion "2"]
[SourceVersionDate "2009.09.16"]
[SourceQuality "1"]

1. e4 e5 2. Nf3 Nc6 3. Bb5 a6 4. Ba4 Nf6 5. d3 d6 6. c3 g6 7. 0-0 Bg7 8. d4 0-0 9. dxe5 Nxe5 10. Nxe5 dxe5 11. Qxd8 Rxd8 12. f3 b5 13. Bc2 Bb7 14. Be3 Nd7 15. Nd2 Nb6 16. b3 Bf8 17. Rfd1 a5 18. Nf1 f6 19. Rxd8 Rxd8 20. Rd1 Rxd1 21. Bxd1 Kf7 22. Be2 Bc6 23. Bd3 Ke6 24. Ng3 Nd7 25. Kf2 Nc5 26. Bc2 b4 27. c4 Nb7 28. Ke2 Bc5 29. Bxc5 Nxc5 30. Ke3 Kd6 31. Ne2 Bd7 32. Ng3 Be6 33. Ne2 Bc8 34. g3 Be6 35. Nc1 Bd7 36. Ne2 a4 37. Nc1 a3 38. Nd3 Nxd3 39. Bxd3 Kc5 40. g4 Kd6 41. h4 h6 42. Bc2 Be6 43. Bd3 Kc5 44. Be2 Bg8 45. Bd3 Bf7 46. Be2 h5 47. gxh5 gxh5 48. Bd3 Be6 49. Be2 Bf7 50. Bd3 Bg6 51. Be2 Kd6 52. f4 exf4+ 53. Kxf4 Kc5 54. Ke3 Bf7 55. Bd1 Bg6 56. Bc2 1/2-1/2

[Event "Budapest FS08 GM"]
[Site "Budapest"]
[Date "2009.08.10"]
[Round "10"]
[White "Rapport, Richard"]
[Black "Samhouri, Admah Fawzi"]
[Result "1-0"]
[WhiteElo "2401"]
[BlackElo "2375"]
[PlyCount "87"]
[EventDate "2009.08.01"]
[EventType "tourn"]
[EventRounds "13"]
[EventCountry "HUN"]
[EventCategory "8"]
[SourceTitle "CBM 131 Extra"]
[Source "ChessBase"]
[SourceDate "2009.09.03"]
[SourceVersion "2"]
[SourceVersionDate "2009.09.16"]
[SourceQuality "1"]

1. Nf3 c5 2. c4 Nf6 3. Nc3 Nc6 4. g3 d5 5. d4 cxd4 6. Nxd4 dxc4 7. Nxc6 Qxd1+ 8. Nxd1 bxc6 9. Ne3 e6 10. Bg2 Nd5 11. Nxc4 Ba6 12. b3 Bb4+ 13. Bd2 Bxd2+ 14. Nxd2 Rc8 15. Ne4 Rc7 16. Nc5 Bc8 17. 0-0-0 Nb4 18. Kb2 Ke7 19. Rd4 Na6 20. Rc1 Rd8 21. Rxd8 Kxd8 22. f4 Ke7 23. e4 Nxc5 24. Rxc5 Bb7 25. e5 Rd7 26. Kc2 Kd8 27. b4 Kc7 28. Bf3 Kb6 29. a4 a6 30. a5+ Kc7 31. Kc3 Rd8 32. Rc4 Rd7 33. Be2 Rd8 34. Rd4 Rh8 35. Kc4 f6 36. Rd6 fxe5 37. fxe5 Bc8 38. Kc5 Bd7 39. Bxa6 Rf8 40. Bd3 Rf2 41. a6 Rxh2 42. a7 Ra2 43. Rxd7+ Kxd7 44. Kb6 1-0

[Event "Olympiad-38"]
[Site "Dresden"]
[Date "2008.11.22"]
[Round "9"]
[White "Al Qudaimi, Basheer"]
[Black "Samhouri, Admah Fawzi"]
[Result "1/2-1/2"]
[WhiteElo "2464"]
[BlackElo "2378"]
[PlyCount "78"]
[EventDate "2008.11.13"]
[EventType "team-swiss"]
[EventRounds "11"]
[EventCountry "GER"]
[SourceTitle "CBM 128"]
[Source "ChessBase"]
[SourceDate "2009.01.28"]
[SourceVersion "1"]
[SourceVersionDate "2009.01.28"]
[SourceQuality "1"]
[WhiteTeam "Yemen"]
[BlackTeam "Jordan"]
[WhiteTeamCountry "YEM"]
[BlackTeamCountry "JOR"]

1. e4 e5 2. Nf3 Nc6 3. Bb5 a6 4. Bxc6 dxc6 5. d4 exd4 6. Qxd4 Qxd4 7. Nxd4 Bd7 8. Be3 0-0-0 9. Nc3 Bb4 10. Nde2 Ne7 11. a3 Bxc3+ 12. Nxc3 f5 13. e5 Nd5 14. Nxd5 cxd5 15. f4 Be6 16. 0-0-0 Rd7 17. b4 Rhd8 18. Bf2 b6 19. Rd2 Kb7 20. Rhd1 c6 21. Kb2 Rc8 22. c4 Re8 23. h3 Rf7 24. cxd5 Bxd5 25. g3 Kc7 26. a4 Be6 27. Rd6 Bd5 28. Rc1 Be4 29. Rcd1 Bf3 30. R1d3 Be4 31. Rd1 Bf3 32. R1d3 Bd5 33. Rd1 Be4 34. R1d3 Kb7 35. Bxb6 Bd5 36. Bc5 Be6 37. Rd1 Bd5 38. Rd3 Be4 39. Bf2 Kc7 1/2-1/2